All North American Countries - Statistics

General Stats
  • This quiz has been taken 21 times
  • The average score is 16 of 62
Answer Stats
Answer % Correct
United States
100%
Canada
94%
Mexico
89%
Cuba
78%
Panama
72%
Antigua and Barbuda
67%
Belize
67%
El Salvador
67%
Haiti
67%
Honduras
67%
Nicaragua
67%
Trinidad and Tobago
67%
Costa Rica
61%
Guatemala
61%
Jamaica
61%
The Bahamas
61%
Dominica
56%
Dominican Republic
56%
Grenada
56%
Saint Kitts and Nevis
56%
Saint Lucia
56%
Saint Vincent and the Grenadines
56%
Barbados
50%
Republic of Puerto Rico
17%
Republic of Texas
17%
Alabama Republic
6%
Aztec Empire
6%
Cherokee Nation
6%
Republic of Louisiana
6%
Centralist Republic of Mexico
0%
Cocollán
0%
Confederate States of America
0%
Dominion of Newfoundland
0%
First Dominican Republic
0%
First Empire of Haiti
0%
First Mexican Empire
0%
First Mexican Republic
0%
Iroquois Confederacy
0%
Kingdom of Haiti
0%
Miꞌkmaꞌki
0%
Palmetto Republic
0%
Provisional Government of Saskatchewan
0%
Republic of Anguilla
0%
Republic of Canada
0%
Republic of Georgia
0%
Republic of Lower Canada
0%
Republic of Madawaska
0%
Republic of Manitoba
0%
Republic of Mississippi
0%
Republic of Pirates
0%
Republic of Spanish Haiti
0%
Republic of West Florida
0%
Republic of Yucatán
0%
Second Federal Republic of Mexico
0%
Second Mexican Empire
0%
State of Haiti
0%
State of Los Altos
0%
State of Muskogee
0%
Toltec Empire
0%
United Provinces of Central America
0%
Vermont Republic
0%
Zapotec civilization
0%
No matching quizzes found
Score Distribution
Percent of People with Each Score
Percentile by Number Answered
Your Score History
You have not taken this quiz